00354 a2200121 45000010005000001000010000052450041000152600035000560900015000919420023001069990019001299520084001487057 aP.I.P aLabour management Cooperation in Pak abPak institute of personnelc c5827d5827 aNUST-CAEcMc32297 c242130d242130 001040708NFICaCAEbCAEd2017-04-03l0pCAE15241r2017-04-05w2017-04-05yBK